[Event "DEM U12/U12w 2004"]
[Site "Willingen GER"]
[Date "2004.06.04"]
[Round "9"]
[White "Mijatovic, Andrea"]
[Black "Jebtchouk, Dimitrij"]
[Result "1-0"]
[Termination "normal"]
[Board "29"]
[WhiteElo "1422"]
[BlackElo "1235"]
[PlyCount "33"]
[WhiteFideId "14514524"]
[EventCountry "GER"]
[EventRounds "11"]
[EventType "swiss"]
[EventDate "2004.05.29"]

1. e4 e5 2. Nf3 Nc6 3. d4 exd4 4. Bc4 Nf6 5. O-O Nxe4 6. Re1 d5 7. Bxd5 Qxd5 8.
Nc3 Qa5 9. Nxe4 Be6 10. Neg5 O-O-O 11. Nxe6 fxe6 12. Rxe6 Bd6 13. Qe2 Qh5 14.
Re4 Rhf8 15. h3 Rf6 16. Bg5 Rg6 17. Rh4 1-0

[Event "DEM U12/U12w 2004"]
[Site "Willingen GER"]
[Date "2004.06.04"]
[Round "9"]
[White "Penne, Bo"]
[Black "Voss, Chantal"]
[Result "1-0"]
[Termination "normal"]
[Board "30"]
[WhiteElo "1532"]
[BlackElo "1247"]
[PlyCount "69"]
[WhiteFideId "24642193"]
[BlackFideId "4664906"]
[EventCountry "GER"]
[EventRounds "11"]
[EventType "swiss"]
[EventDate "2004.05.29"]

1. e4 e6 2. d4 d5 3. exd5 exd5 4. Nc3 c6 5. Nf3 Bg4 6. g3 Bb4 7. Bg2 Ne7 8. O-O
O-O 9. Re1 Ng6 10. Qd3 Nd7 11. Bg5 Qc7 12. a3 Ba5 13. b4 Bb6 14. Na4 Rfe8 15.
Nc5 Bxc5 16. dxc5 b6 17. cxb6 axb6 18. Rxe8+ Rxe8 19. Bd2 Nde5 20. Nxe5 Nxe5
21. Re1 f6 22. Qc3 Qd7 23. Be3 b5 24. Bd4 Qf5 25. Bxe5 fxe5 26. Qxc6 Rf8 27.
Qxd5+ Kh8 28. Qc5 h5 29. Rxe5 Qf6 30. Re1 Rc8 31. Qxb5 Rxc2 32. Qe8+ Kh7 33.
Be4+ Bf5 34. Bxc2 Bxc2 35. Qxh5+ 1-0

[Event "DEM U12/U12w 2004"]
[Site "Willingen GER"]
[Date "2004.06.04"]
[Round "9"]
[White "Becher, Anne"]
[Black "Hinz, Arne"]
[Result "0-1"]
[Termination "normal"]
[Board "31"]
[WhiteElo "1259"]
[BlackElo "1524"]
[PlyCount "86"]
[BlackFideId "24634875"]
[EventCountry "GER"]
[EventRounds "11"]
[EventType "swiss"]
[EventDate "2004.05.29"]

1. c4 e5 2. g3 Nf6 3. Bg2 Nc6 4. Nf3 Bc5 5. O-O d6 6. Nc3 O-O 7. e3 Bg4 8. Qb3
Rb8 9. h3 Bf5 10. a3 Qd7 11. Kh2 h6 12. Qd1 Bd3 13. Re1 Bxc4 14. b4 Bb6 15. d3
Be6 16. Rb1 Ne7 17. a4 c6 18. Ba3 Ned5 19. Nxd5 Nxd5 20. Qc2 f5 21. e4 Ne7 22.
Rf1 f4 23. g4 Ng6 24. b5 c5 25. Rbc1 Bd8 26. Rcd1 Nh4 27. Nxh4 Bxh4 28. f3 Bg3+
29. Kg1 Rfc8 30. Qb2 Qf7 31. Rb1 Ba2 32. Rbc1 Qb3 33. Qxb3+ Bxb3 34. a5 b6 35.
axb6 Rxb6 36. Rc3 Rxb5 37. Rb1 Rcb8 38. Bc1 a5 39. Bd2 a4 40. Be1 Bxe1 41. Rxe1
a3 42. Ra1 a2 43. Rcc1 Be6 0-1

[Event "DEM U12/U12w 2004"]
[Site "Willingen GER"]
[Date "2004.06.04"]
[Round "9"]
[White "Huhnstock, Rico"]
[Black "Prosch, Julia"]
[Result "1-0"]
[Termination "normal"]
[Board "32"]
[WhiteElo "1449"]
[BlackElo "1300"]
[PlyCount "75"]
[WhiteFideId "24642932"]
[EventCountry "GER"]
[EventRounds "11"]
[EventType "swiss"]
[EventDate "2004.05.29"]

1. e4 c5 2. Nf3 Nc6 3. d4 cxd4 4. Nxd4 g6 5. Nc3 Bg7 6. Be3 Nf6 7. Be2 O-O 8.
Qd2 d5 9. exd5 Nxd5 10. Nxd5 Qxd5 11. Bf3 Qd7 12. Nxc6 bxc6 13. O-O-O Qb7 14.
c3 Qa6 15. Kb1 Be6 16. b3 Rab8 17. Kb2 Qa4 18. Qc2 Rfc8 19. Kc1 Qa3+ 20. Qb2
Qa5 21. Bd2 Bc4 22. Rhe1 e6 23. Be2 Bd5 24. f3 Bf6 25. Kc2 Qc5 26. Rf1 Qd6 27.
g3 Qe5 28. Bd3 Qh5 29. Rf2 Bxf3 30. Rdf1 Bxc3 31. Qxc3 Bg4 32. Kb2 Rd8 33. Bc2
Rb5 34. Qxc6 Be2 35. Re1 Rxd2 36. Qe8+ Kg7 37. Qxf7+ Kh6 38. Qf8+ 1-0

[Event "DEM U12/U12w 2004"]
[Site "Willingen GER"]
[Date "2004.06.04"]
[Round "9"]
[White "Mohr, Fides"]
[Black "Aslan, Benjamin"]
[Result "1-0"]
[Termination "normal"]
[Board "33"]
[WhiteElo "1389"]
[BlackElo "1232"]
[PlyCount "45"]
[BlackFideId "24640298"]
[EventCountry "GER"]
[EventRounds "11"]
[EventType "swiss"]
[EventDate "2004.05.29"]

1. d4 Nf6 2. Bg5 e6 3. e4 c5 4. e5 h6 5. Bh4 g5 6. Bg3 Ne4 7. Nf3 cxd4 8. Qxd4
Nxg3 9. hxg3 Nc6 10. Qe3 b6 11. Nc3 Bc5 12. Qe4 Qc7 13. Nb5 Qb8 14. O-O-O Bxf2
15. Nd6+ Ke7 16. Nxg5 Rf8 17. Ngxf7 Bxg3 18. Rxh6 Nxe5 19. Nxe5 Bf4+ 20. Kb1
Bxh6 21. Ng6+ Kf6 22. Nxf8 Bxf8 23. Qf4+ 1-0

[Event "DEM U12/U12w 2004"]
[Site "Willingen GER"]
[Date "2004.06.04"]
[Round "9"]
[White "Wolff, Christoph"]
[Black "Kammrad, Carolin"]
[Result "1-0"]
[Termination "normal"]
[Board "34"]
[WhiteElo "1374"]
[BlackElo "1177"]
[PlyCount "77"]
[WhiteFideId "24659495"]
[EventCountry "GER"]
[EventRounds "11"]
[EventType "swiss"]
[EventDate "2004.05.29"]

1. e4 e5 2. Nf3 Nc6 3. d4 exd4 4. Nxd4 Qh4 5. Qd3 Bc5 6. Be3 Qf6 7. c3 a6 8.
Nd2 Nge7 9. N2f3 h6 10. Be2 O-O 11. O-O Ng6 12. Qd2 Re8 13. Bd3 Nce5 14. Nxe5
Nxe5 15. h3 d6 16. Bc2 c6 17. b3 d5 18. exd5 cxd5 19. Rfe1 Bd7 20. Rad1 Rad8
21. Bb1 Bc6 22. Nxc6 Bxe3 23. Rxe3 bxc6 24. Rde1 c5 25. Qe2 Nf3+ 26. Qxf3 Rxe3
27. Qxe3 Qc6 28. Qd3 g6 29. Qe3 Kg7 30. Qe5+ Kh7 31. Qe7 Rd7 32. Qe8 Rc7 33.
Qxc6 Rxc6 34. Rd1 Rd6 35. Be4 d4 36. cxd4 cxd4 37. Kf1 Rd8 38. Bd3 a5 39. Bc4
1-0

[Event "DEM U12/U12w 2004"]
[Site "Willingen GER"]
[Date "2004.06.04"]
[Round "9"]
[White "Mätzig, Lara Annabelle"]
[Black "Yakovenko, Oleg"]
[Result "1/2-1/2"]
[Termination "normal"]
[Board "35"]
[WhiteElo "1136"]
[BlackElo "1365"]
[PlyCount "91"]
[BlackFideId "4696000"]
[EventCountry "GER"]
[EventRounds "11"]
[EventType "swiss"]
[EventDate "2004.05.29"]

1. e4 c5 2. Nf3 Nc6 3. d4 cxd4 4. Nxd4 Nf6 5. Nc3 e6 6. a3 Be7 7. Be3 d6 8. Be2
O-O 9. O-O a6 10. Kh1 Bd7 11. f4 Rc8 12. h3 Qc7 13. Qe1 Rfe8 14. Qg3 b5 15. f5
e5 16. Nb3 Kh8 17. Nd2 Qb7 18. Rac1 Bd8 19. Qf2 Ne7 20. Bd3 Rc6 21. Nf3 Bb6 22.
Bxb6 Rxb6 23. Qh4 Kg8 24. Rfe1 b4 25. axb4 Rxb4 26. Qg3 Rxb2 27. Rb1 Rxb1 28.
Rxb1 Qc6 29. Rb3 Ra8 30. Nd2 Nh5 31. Qg5 Nf6 32. Qg3 Kh8 33. Bc4 Kg8 34. Rb1 h6
35. Re1 Qc7 36. Bb3 Rc8 37. Re3 Qc5 38. Rd3 Bc6 39. Kh2 Rd8 40. Kh1 Kf8 41. Qf3
Ra8 42. Kh2 a5 43. Na4 Qb4 44. Nc3 a4 45. Ba2 Ra5 46. Nc4 1/2-1/2

[Event "DEM U12/U12w 2004"]
[Site "Willingen GER"]
[Date "2004.06.04"]
[Round "9"]
[White "Schnieber, Jacqueline"]
[Black "Hohmann, Louisa"]
[Result "1-0"]
[Termination "normal"]
[Board "36"]
[WhiteElo "1140"]
[BlackElo "1339"]
[PlyCount "33"]
[EventCountry "GER"]
[EventRounds "11"]
[EventType "swiss"]
[EventDate "2004.05.29"]

1. e4 e6 2. d4 d5 3. exd5 exd5 4. Bd3 Bd6 5. Qf3 Ne7 6. Ne2 c6 7. Nbc3 Be6 8.
Bd2 Nd7 9. O-O-O Qc7 10. h3 O-O-O 11. Rhe1 Nb6 12. Nf4 Bxf4 13. Bxf4 Qd7 14.
Bh2 Nf5 15. Bxf5 Bxf5 16. Qf4 Bg6 17. Qb8# 1-0

[Event "DEM U12/U12w 2004"]
[Site "Willingen GER"]
[Date "2004.06.04"]
[Round "9"]
[White "Hort, Maria"]
[Black "Kohm, Vanessa"]
[Result "0-1"]
[Termination "normal"]
[Board "37"]
[WhiteElo "1082"]
[BlackElo "1315"]
[PlyCount "32"]
[BlackFideId "4674472"]
[EventCountry "GER"]
[EventRounds "11"]
[EventType "swiss"]
[EventDate "2004.05.29"]

1. e4 e5 2. Nf3 Nc6 3. Bc4 Nf6 4. Nc3 Bc5 5. O-O d6 6. d3 Be6 7. Bxe6 fxe6 8.
Bg5 h6 9. Bh4 g5 10. Bg3 h5 11. h3 g4 12. hxg4 hxg4 13. Nh4 a6 14. Qd2 Nh5 15.
Ng6 Nxg3 16. Nxh8 Qh4 0-1

[Event "DEM U12/U12w 2004"]
[Site "Willingen GER"]
[Date "2004.06.04"]
[Round "9"]
[White "Kamrla, Robin"]
[Black "Döring, Julia"]
[Result "1-0"]
[Termination "normal"]
[Board "38"]
[WhiteElo "1435"]
[BlackElo "1321"]
[PlyCount "63"]
[EventCountry "GER"]
[EventRounds "11"]
[EventType "swiss"]
[EventDate "2004.05.29"]

1. e4 c5 2. Nf3 d6 3. d4 cxd4 4. Nxd4 Nf6 5. Nc3 g6 6. f4 Bg7 7. e5 dxe5 8.
fxe5 Nd5 9. Bb5+ Kf8 10. O-O Bxe5 11. Nxd5 Qxd5 12. Bh6+ Bg7 13. Nf5 Qc5+ 14.
Kh1 f6 15. Qd8+ Kf7 16. Bc4+ e6 17. Nd6+ Qxd6 18. Qxd6 Bxh6 19. Qc7+ Nd7 20.
Rfe1 Re8 21. Rad1 Re7 22. Bxe6+ Kg7 23. Bxd7 Rxe1+ 24. Rxe1 Bxd7 25. Qxd7+ Kf8
26. Qxh7 Bg7 27. Qxg6 Rd8 28. h4 a5 29. h5 b5 30. h6 Bxh6 31. Qxh6+ Kg8 32. Re7
1-0

[Event "DEM U12/U12w 2004"]
[Site "Willingen GER"]
[Date "2004.06.04"]
[Round "9"]
[White "Falke, Cynthia"]
[Black "Dürre, Gregor"]
[Result "1-0"]
[Termination "normal"]
[Board "39"]
[WhiteElo "1197"]
[BlackElo "1370"]
[PlyCount "75"]
[WhiteFideId "24600644"]
[EventCountry "GER"]
[EventRounds "11"]
[EventType "swiss"]
[EventDate "2004.05.29"]

1. e4 c5 2. Nc3 Nc6 3. g3 g6 4. d3 Bg7 5. Bg2 e6 6. Be3 d6 7. Qd2 Nge7 8. Bh6
O-O 9. h4 f5 10. Bxg7 Kxg7 11. h5 Qe8 12. O-O-O Rb8 13. Re1 Bd7 14. exf5 exf5
15. Nd5 Rf6 16. Nxf6 Kxf6 17. Bxc6 Bxc6 18. Qc3+ Kg5 19. f4+ Kh6 20. Rh2 Qf7
21. hxg6+ Kxg6 22. Rhe2 Nd5 23. Qd2 Bd7 24. c4 Nf6 25. Nf3 h5 26. Nh4+ Kh6 27.
Re7 Qf8 28. R7e2 Qf7 29. Qe3 Re8 30. Qf3 Rb8 31. Qg2 Bc6 32. Qh3 Bd7 33. Nxf5+
Kg6 34. Nh4+ Kh6 35. Qh2 Bg4 36. Re7 Qf8 37. f5 Re8 38. Qd2# 1-0

[Event "DEM U12/U12w 2004"]
[Site "Willingen GER"]
[Date "2004.06.04"]
[Round "9"]
[White "Simonow, Andrej"]
[Black "Spangenberg, Pia"]
[Result "0-1"]
[Termination "normal"]
[Board "40"]
[WhiteElo "1370"]
[BlackElo "1264"]
[PlyCount "104"]
[WhiteFideId "24637637"]
[BlackFideId "4627989"]
[EventCountry "GER"]
[EventRounds "11"]
[EventType "swiss"]
[EventDate "2004.05.29"]

1. Nf3 d5 2. d4 Nf6 3. c4 e6 4. Nc3 Be7 5. Bg5 Nbd7 6. e3 b6 7. cxd5 Nxd5 8.
Bxe7 Qxe7 9. e4 Nxc3 10. bxc3 Bb7 11. Bd3 O-O 12. Qc2 g6 13. O-O e5 14. Rac1
Rad8 15. Rfe1 c6 16. Nd2 exd4 17. cxd4 Nf6 18. e5 Nd5 19. Be4 Rc8 20. Nc4 Rfd8
21. Nd6 Rxd6 22. exd6 Qxd6 23. Qa4 a6 24. Bxd5 Qxd5 25. Qc4 Qd7 26. Rc2 c5 27.
Qe2 Qxd4 28. Qe7 Qd5 29. f3 c4 30. Rce2 c3 31. Qe4 Qc5+ 32. Qe3 Qa5 33. Rc1 b5
34. Rec2 b4 35. Qd4 Rd8 36. Qf2 Qd5 37. Qe1 a5 38. Rb1 Ba6 39. Rcc1 Qxa2 40.
Ra1 Qd5 41. Rd1 Qc5+ 42. Kh1 Rxd1 43. Qxd1 Qb6 44. Qa4 Bd3 45. Qe8+ Kg7 46.
Qe5+ Qf6 47. Qxa5 Qd6 48. Rc1 Qf4 49. Rxc3 Qe3 50. Qa1 bxc3 51. Qxc3+ Kh6 52.
h3 f5 0-1

[Event "DEM U12/U12w 2004"]
[Site "Willingen GER"]
[Date "2004.06.04"]
[Round "9"]
[White "Sancar, Kenan"]
[Black "Wisheckel, Lena"]
[Result "1/2-1/2"]
[Termination "normal"]
[Board "41"]
[WhiteElo "1367"]
[BlackElo "1259"]
[PlyCount "88"]
[WhiteFideId "24647543"]
[BlackFideId "24691992"]
[EventCountry "GER"]
[EventRounds "11"]
[EventType "swiss"]
[EventDate "2004.05.29"]

1. e4 e5 2. Nf3 Nf6 3. Nxe5 Qe7 4. d4 Nxe4 5. Be2 g6 6. O-O d6 7. Nf3 Bg7 8.
Re1 O-O 9. Bd3 d5 10. Nbd2 Bf5 11. Nxe4 dxe4 12. Ng5 Qd7 13. Bxe4 Bxe4 14. Rxe4
Nc6 15. c3 Rfe8 16. Rxe8+ Rxe8 17. Be3 Ne7 18. Qd2 Nf5 19. Re1 Nxe3 20. Rxe3
Rxe3 21. Qxe3 c5 22. Nf3 cxd4 23. Nxd4 Qa4 24. Qd2 Qxa2 25. g3 Qd5 26. Qe3 a6
27. Qf3 Qxf3 28. Nxf3 f5 29. Kf1 Kf7 30. Ke2 Ke6 31. Ng5+ Kd5 32. Nxh7 Kc4 33.
Kd2 Kb3 34. Kc1 b5 35. Kb1 a5 36. Ng5 b4 37. cxb4 axb4 38. Ne6 Bxb2 39. Nc5+
Ka3 40. Nd3 Bd4 41. f3 b3 42. Nf4 g5 43. Ne6 Bf6 44. h3 Kb4 1/2-1/2

[Event "DEM U12/U12w 2004"]
[Site "Willingen GER"]
[Date "2004.06.04"]
[Round "9"]
[White "Müller, Anna-Louise"]
[Black "Pantusenko, Valeria"]
[Result "1/2-1/2"]
[Termination "normal"]
[Board "42"]
[WhiteElo "1349"]
[BlackElo "1217"]
[PlyCount "78"]
[WhiteFideId "4633512"]
[BlackFideId "4662920"]
[EventCountry "GER"]
[EventRounds "11"]
[EventType "swiss"]
[EventDate "2004.05.29"]

1. e4 e5 2. Nf3 Nc6 3. Nc3 Nf6 4. d4 exd4 5. Nxd4 Bb4 6. Bg5 h6 7. Bxf6 Qxf6 8.
Nxc6 Bxc3+ 9. bxc3 Qxc6 10. Qd4 O-O 11. Bc4 Qg6 12. O-O d5 13. Qxd5 Bh3 14. e5
Be6 15. Qd4 Bxc4 16. Qxc4 c6 17. Qd3 Qg5 18. Rfe1 Rad8 19. Qe3 Qf5 20. Rac1
Rfe8 21. Qe4 Qe6 22. a3 Rd5 23. f4 f6 24. Re3 fxe5 25. Rce1 Rd2 26. Qxe5 Qxe5
27. fxe5 Rxc2 28. e6 Rd2 29. h4 b5 30. Kh2 Ra2 31. Kg3 Rxa3 32. Kf4 Ra4+ 33.
Ke5 Ra6 34. Kd6 Rb6 35. Kd7 Rbb8 36. e7 a5 37. Kxc6 a4 38. Kd7 a3 39. Rf3 a2
1/2-1/2

[Event "DEM U12/U12w 2004"]
[Site "Willingen GER"]
[Date "2004.06.04"]
[Round "9"]
[White "Kopp, Nico"]
[Black "Dietrich, Stefan"]
[Result "1-0"]
[Termination "normal"]
[Board "43"]
[WhiteElo "1336"]
[BlackElo "1176"]
[PlyCount "103"]
[WhiteFideId "24608092"]
[EventCountry "GER"]
[EventRounds "11"]
[EventType "swiss"]
[EventDate "2004.05.29"]

1. e4 c5 2. Nf3 Nc6 3. d4 cxd4 4. Nxd4 g6 5. Nc3 Bg7 6. Be3 Nf6 7. Be2 d5 8.
exd5 Nxd5 9. Nxd5 Qxd5 10. Nb5 Qxd1+ 11. Rxd1 O-O 12. O-O a6 13. Nd4 Bd7 14. c3
Rad8 15. Rd2 Nxd4 16. Bxd4 e5 17. Bb6 Bh6 18. Bxd8 Bxd2 19. Rd1 Rxd8 20. Rxd2
f5 21. b4 Kf8 22. a4 Ke7 23. b5 a5 24. f3 e4 25. fxe4 fxe4 26. Kf2 Bf5 27. Rxd8
Kxd8 28. c4 Kd7 29. c5 h5 30. h3 Be6 31. Bd1 h4 32. Ke3 Bf5 33. Bb3 Kc7 34. Bd5
b6 35. c6 g5 36. Bxe4 Be6 37. Bc2 Kd6 38. Kd4 Kc7 39. Ke5 Bf7 40. Kf6 Bd5 41.
Kxg5 Bxg2 42. Kxh4 Bxh3 43. Kxh3 Kb8 44. Kg4 Kc7 45. Kf5 Kb8 46. Ke6 Ka7 47.
Kd7 Kb8 48. c7+ Ka7 49. Bb1 Kb7 50. c8=Q+ Ka7 51. Qc7+ Ka8 52. Be4# 1-0

[Event "DEM U12/U12w 2004"]
[Site "Willingen GER"]
[Date "2004.06.04"]
[Round "9"]
[White "Eckoldt, Katja"]
[Black "Wild, Katharina"]
[Result "0-1"]
[Termination "normal"]
[Board "44"]
[WhiteElo "1056"]
[BlackElo "1249"]
[PlyCount "77"]
[BlackFideId "24678015"]
[EventCountry "GER"]
[EventRounds "11"]
[EventType "swiss"]
[EventDate "2004.05.29"]

1. e4 c6 2. d4 d5 3. e5 Bf5 4. Bd3 Bxd3 5. Qxd3 e6 6. f4 Ne7 7. g4 Nd7 8. c3
Nb6 9. Nf3 Ng6 10. h4 Be7 11. g5 c5 12. Be3 Nd7 13. Nbd2 Rc8 14. O-O-O cxd4 15.
Nxd4 a6 16. h5 Ngf8 17. N2f3 b5 18. f5 Nc5 19. Qc2 Ne4 20. f6 gxf6 21. exf6 Bd6
22. Qg2 b4 23. Ne2 bxc3 24. bxc3 Nxc3 25. Nxc3 Rxc3+ 26. Kd2 Ra3 27. Ra1 Qa5+
28. Kd1 Qc3 29. Rc1 Qxe3 30. Rf1 Qd3+ 31. Nd2 Rxa2 32. Qe2 Qxe2+ 33. Kxe2 Bb4
34. Rfd1 Kd7 35. Kd3 Bxd2 36. Rxd2 Rxd2+ 37. Kxd2 e5 38. Ra1 Ne6 39. Rxa6 0-1

[Event "DEM U12/U12w 2004"]
[Site "Willingen GER"]
[Date "2004.06.04"]
[Round "9"]
[White "Tantzen, Cedric"]
[Black "Hoffmann, Cara"]
[Result "1/2-1/2"]
[Termination "normal"]
[Board "45"]
[WhiteElo "1266"]
[BlackElo "922"]
[PlyCount "33"]
[WhiteFideId "24640018"]
[EventCountry "GER"]
[EventRounds "11"]
[EventType "swiss"]
[EventDate "2004.05.29"]

1. e4 c5 2. Nf3 d6 3. g3 Nf6 4. Nc3 g6 5. Bg2 Bg7 6. O-O Nc6 7. d4 cxd4 8. Nxd4
Bg4 9. Nf3 O-O 10. h3 Bd7 11. Re1 Qc8 12. Kh2 a6 13. Nd5 Nxd5 14. exd5 Ne5 15.
Nxe5 Bxe5 16. f4 Bf6 17. c3 1/2-1/2

[Event "DEM U12/U12w 2004"]
[Site "Willingen GER"]
[Date "2004.06.04"]
[Round "9"]
[White "Oat, Daniela"]
[Black "Knöchel, Sarah"]
[Result "0-1"]
[Termination "normal"]
[Board "46"]
[WhiteElo "943"]
[BlackElo "1211"]
[PlyCount "82"]
[EventCountry "GER"]
[EventRounds "11"]
[EventType "swiss"]
[EventDate "2004.05.29"]

1. c4 c5 2. Nc3 Nf6 3. g3 d5 4. cxd5 Nxd5 5. Bg2 e6 6. e3 Nc6 7. Nge2 Be7 8.
O-O O-O 9. d3 b6 10. e4 Nxc3 11. bxc3 Rb8 12. d4 Re8 13. Rb1 Bb7 14. dxc5 Qxd1
15. Rxd1 Bxc5 16. Nd4 Ne5 17. Bf4 f6 18. Rb2 Rbd8 19. Rbd2 Rd7 20. Bxe5 fxe5
21. Nb5 Rxd2 22. Rxd2 Re7 23. Rd8+ Kf7 24. Nd6+ Bxd6 25. Rxd6 Ba6 26. Rd2 h6
27. f3 Ke8 28. Rf2 Rd7 29. Bh3 Rd1+ 30. Kg2 Ke7 31. f4 exf4 32. Rxf4 g5 33. Rf2
Re1 34. Kf3 Bd3 35. Kg4 Be2+ 36. Rxe2 Rxe2 37. Kh5 Kf6 38. Kxh6 Rxh2 39. Kh5
Rxh3+ 40. Kg4 Rh2 41. e5+ Kg6 0-1

[Event "DEM U12/U12w 2004"]
[Site "Willingen GER"]
[Date "2004.06.04"]
[Round "9"]
[White "Gremmer, Jan"]
[Black "Rummer, Bärbel"]
[Result "1-0"]
[Termination "normal"]
[Board "48"]
[WhiteElo "1240"]
[BlackElo "1054"]
[PlyCount "101"]
[BlackFideId "12900109"]
[EventCountry "GER"]
[EventRounds "11"]
[EventType "swiss"]
[EventDate "2004.05.29"]

1. e4 e5 2. Nf3 Nc6 3. Bc4 Bc5 4. Nc3 Nf6 5. d3 h6 6. Be3 Bb6 7. Qe2 d6 8. h3
O-O 9. O-O Re8 10. Nh4 Nd4 11. Bxd4 Bxd4 12. Qf3 a6 13. Rab1 b5 14. Bb3 Bd7 15.
Nd5 c6 16. Nxf6+ Qxf6 17. Qxf6 gxf6 18. Kh1 a5 19. a3 Rad8 20. c3 Bb6 21. f4
exf4 22. Rxf4 Kg7 23. Rbf1 Re7 24. Rxf6 Be6 25. Bxe6 fxe6 26. Rg6+ Kh7 27. Rff6
h5 28. Rh6+ Kg7 29. Rfg6+ Kf8 30. Rh8+ Kf7 31. Rxd8 Bxd8 32. Rh6 Ke8 33. Rxh5
Rf7 34. Nf3 Bc7 35. Rg5 Ke7 36. Rg6 d5 37. e5 Rf5 38. Rg7+ Kd8 39. d4 a4 40.
Kg1 Ke8 41. Rxc7 Kd8 42. Rxc6 Kd7 43. Rc5 Rf4 44. h4 Ke7 45. Rc7+ Kf8 46. h5
Rf5 47. h6 Rh5 48. h7 Rh6 49. Ng5 Rh5 50. Nxe6+ Ke8 51. Ng7+ 1-0

[Event "DEM U12/U12w 2004"]
[Site "Willingen GER"]
[Date "2004.06.04"]
[Round "9"]
[White "Thiele, Eileen"]
[Black "Zuyeva, Lisa"]
[Result "0-1"]
[Termination "normal"]
[Board "49"]
[WhiteElo "894"]
[BlackElo "1028"]
[PlyCount "98"]
[EventCountry "GER"]
[EventRounds "11"]
[EventType "swiss"]
[EventDate "2004.05.29"]

1. e4 e5 2. Nf3 Nc6 3. Bc4 Bc5 4. d3 d6 5. Nc3 Bg4 6. h3 Be6 7. Bb3 Qd7 8. Be3
Bb4 9. Qd2 h6 10. a3 Ba5 11. Ba4 Qe7 12. O-O Nf6 13. b4 Bb6 14. Nb5 O-O 15.
Bxb6 axb6 16. Nc3 d5 17. Bb3 Rad8 18. Qe2 Nd4 19. Nxd4 exd4 20. Nb5 c5 21. Rfd1
Qd7 22. Ba4 Ra8 23. Nc3 Qc7 24. Nxd5 Bxd5 25. Bb3 Bc6 26. Qf3 Rad8 27. Qf5 Bd7
28. Qf3 Qe5 29. Re1 Nh5 30. Bd5 Nf4 31. Bxb7 Qg5 32. Kh2 Qh4 33. Qg3 Qf6 34. e5
Qf5 35. Be4 Qg5 36. Qf3 Kh8 37. Bb7 Be6 38. bxc5 bxc5 39. a4 Rb8 40. Rab1 Rxb7
41. Rxb7 Bd5 42. Rxf7 Bxf3 43. Rxf8+ Kh7 44. g3 Nxh3 45. Rxf3 Qh5 46. Kg2 Qg4
47. e6 Ng5 48. e7 Qh3+ 49. Kg1 Nxf3# 0-1

[Event "DEM U12/U12w 2004"]
[Site "Willingen GER"]
[Date "2004.06.04"]
[Round "9"]
[White "Rau, Carla"]
[Black "Khitov, Roman"]
[Result "0-1"]
[Termination "normal"]
[Board "50"]
[WhiteElo "929"]
[BlackElo "957"]
[PlyCount "140"]
[EventCountry "GER"]
[EventRounds "11"]
[EventType "swiss"]
[EventDate "2004.05.29"]

1. e4 d5 2. Nc3 d4 3. Nd5 e5 4. c3 c6 5. Nb4 Bxb4 6. cxb4 Nf6 7. d3 h6 8. Nf3
Qd6 9. a3 O-O 10. Be2 Be6 11. O-O Nbd7 12. h3 c5 13. bxc5 Qxc5 14. b4 Qc7 15.
Bb2 Qc6 16. Rc1 Qb6 17. Qd2 a5 18. bxa5 Qxa5 19. Qxa5 Rxa5 20. Rc7 Ra7 21. a4
Ne8 22. Rc8 Rxa4 23. Bd1 Ra7 24. Rc2 Bb3 25. Rc1 Bxd1 26. Rfxd1 f6 27. Ra1 Rxa1
28. Rxa1 Rf7 29. Ra8 Re7 30. Ba3 Re6 31. Rd8 Nf8 32. Rb8 b6 33. Nd2 Nd7 34. Rd8
Nf8 35. Rb8 Ng6 36. Nc4 Nf4 37. Nxb6 Nxd3 38. Nd5 Kf7 39. f3 Nd6 40. Nc7 Nc4
41. Nxe6 Kxe6 42. Bf8 Kf7 43. Kf1 Nf4 44. Rb4 Ne3+ 45. Kf2 Kxf8 46. g4 Nxh3+
47. Ke2 Kf7 48. Rb3 Kg6 49. Rb1 Kg5 50. Rh1 Nf4+ 51. Kd2 Ng6 52. Rh5+ Kf4 53.
Ke2 Kg3 54. Rh1 Nf4+ 55. Kd2 Kxf3 56. Kc1 Kxe4 57. Kd2 Nxg4 58. Rg1 f5 59. Ke1
d3 60. Kd2 Kd4 61. Re1 e4 62. Rf1 e3+ 63. Kc1 d2+ 64. Kc2 g5 65. Rd1 Nf2 66.
Rb1 d1=Q+ 67. Rxd1+ Nxd1 68. Kxd1 e2+ 69. Ke1 Kd3 70. Kf2 Kd2 0-1

[Event "DEM U12/U12w 2004"]
[Site "Willingen GER"]
[Date "2004.06.04"]
[Round "9"]
[White "Stognief, Ole"]
[Black "Kroner, Sarah"]
[Result "1-0"]
[Termination "normal"]
[Board "51"]
[WhiteElo "1292"]
[BlackElo "889"]
[PlyCount "81"]
[EventCountry "GER"]
[EventRounds "11"]
[EventType "swiss"]
[EventDate "2004.05.29"]

1. e4 e5 2. Nf3 Nc6 3. Bb5 Nf6 4. d3 h6 5. Bxc6 dxc6 6. Nxe5 Bd6 7. Nf3 Qe7 8.
Nc3 Qe6 9. Be3 Bb4 10. Bd2 Bc5 11. e5 Nd5 12. d4 Bb4 13. Nxd5 Bxd2+ 14. Qxd2
cxd5 15. O-O Qg6 16. Kh1 h5 17. c3 h4 18. Qg5 Qh7 19. Rfe1 h3 20. g3 Qc2 21.
Qd2 Qf5 22. Qe3 Qe4 23. Qxe4 dxe4 24. Rxe4 Bf5 25. Rf4 g6 26. d5 Rd8 27. Rd1 c6
28. d6 O-O 29. Rdd4 Rb8 30. Rh4 b5 31. Ng5 c5 32. Rd2 b4 33. c4 b3 34. a3 Rb6
35. Nxh3 Bxh3 36. Rxh3 f6 37. e6 Re8 38. d7 Ra8 39. d8=Q+ Rxd8 40. Rxd8+ Kg7
41. e7 1-0

[Event "DEM U12/U12w 2004"]
[Site "Willingen GER"]
[Date "2004.06.04"]
[Round "10"]
[White "Strunski, Andreas"]
[Black "Heimann, Andreas"]
[Result "0-1"]
[Termination "normal"]
[Board "1"]
[WhiteElo "1942"]
[BlackElo "1808"]
[PlyCount "110"]
[WhiteFideId "24606073"]
[BlackFideId "24624632"]
[EventCountry "GER"]
[EventRounds "11"]
[EventType "swiss"]
[EventDate "2004.05.29"]

1. d4 d5 2. c4 c6 3. Nc3 Nf6 4. Nf3 dxc4 5. a4 Bg4 6. e3 e6 7. Bxc4 Nbd7 8. O-O
Bd6 9. e4 e5 10. Qb3 Bxf3 11. Bxf7+ Kf8 12. gxf3 exd4 13. Ne2 Ne5 14. Bc4 Nxc4
15. Qxc4 c5 16. Nf4 Qb8 17. Ne6+ Ke7 18. f4 Qg8 19. f5 g6 20. Kh1 Nxe4 21. Re1
gxf5 22. Qc2 d3 23. Bg5+ Qxg5 24. Nxg5 dxc2 25. f3 Kf6 26. h4 Nxg5 27. hxg5+
Kxg5 28. Rac1 Rae8 29. Rg1+ Kf6 30. Rxc2 Be5 31. Rd1 Bd4 32. b4 b6 33. a5 Re3
34. axb6 axb6 35. Rh2 h5 36. Kg2 Re2+ 37. Kh3 Rxh2+ 38. Kxh2 Ke5 39. bxc5 bxc5
40. Kg3 h4+ 41. Kh3 Kf4 42. Rd3 Rg8 43. Kh2 Rg3 44. Rd1 Kxf3 45. Rd3+ Ke2 46.
Rxg3 hxg3+ 47. Kg2 Be5 48. Kh3 Kf3 49. Kh4 g2 50. Kg5 g1=Q+ 51. Kxf5 Qd4 52.
Ke6 Kf4 53. Kf7 Kf5 54. Kg8 Kg6 55. Kf8 Qd8# 0-1